<?xml version="1.0" encoding="UTF-8"?>
<record
    xmlns:xsi="http://www.w3.org/2001/XMLSchema-instance"
    xsi:schemaLocation="http://www.loc.gov/MARC21/slim http://www.loc.gov/standards/marcxml/schema/MARC21slim.xsd"
    xmlns="http://www.loc.gov/MARC21/slim">

  <leader>03426nam a2200361 a 4500</leader>
  <controlfield tag="001">ebr10752393</controlfield>
  <controlfield tag="003">CaPaEBR</controlfield>
  <controlfield tag="006">m     o  u        </controlfield>
  <controlfield tag="007">cr cn|||||||||</controlfield>
  <controlfield tag="008">111128s2012    nyuad   sb    001 0 eng d</controlfield>
  <datafield tag="010" ind1=" " ind2=" ">
    <subfield code="z">  2011047936</subfield>
  </datafield>
  <datafield tag="020" ind1=" " ind2=" ">
    <subfield code="z">9789280812121 (hardback)</subfield>
  </datafield>
  <datafield tag="020" ind1=" " ind2=" ">
    <subfield code="z">9789280812138 (pbk.)</subfield>
  </datafield>
  <datafield tag="020" ind1=" " ind2=" ">
    <subfield code="z">9780719086557 (hardback)</subfield>
  </datafield>
  <datafield tag="020" ind1=" " ind2=" ">
    <subfield code="z">9780719086564 (pbk.)</subfield>
  </datafield>
  <datafield tag="020" ind1=" " ind2=" ">
    <subfield code="z">9789280871821 (e-book)</subfield>
  </datafield>
  <datafield tag="040" ind1=" " ind2=" ">
    <subfield code="a">CaPaEBR</subfield>
    <subfield code="c">CaPaEBR</subfield>
  </datafield>
  <datafield tag="035" ind1=" " ind2=" ">
    <subfield code="a">(OCoLC)868007976</subfield>
  </datafield>
  <datafield tag="050" ind1="1" ind2="4">
    <subfield code="a">HD2963</subfield>
    <subfield code="b">.H54 2012eb</subfield>
  </datafield>
  <datafield tag="082" ind1="0" ind2="4">
    <subfield code="a">334</subfield>
    <subfield code="2">23</subfield>
  </datafield>
  <datafield tag="245" ind1="0" ind2="4">
    <subfield code="a">The hidden alternative</subfield>
    <subfield code="h">[electronic resource] :</subfield>
    <subfield code="b">co-operative values, past, present and future /</subfield>
    <subfield code="c">edited by Anthony Webster ... [et al.].</subfield>
  </datafield>
  <datafield tag="260" ind1=" " ind2=" ">
    <subfield code="a">New York :</subfield>
    <subfield code="b">United Nations University Press,</subfield>
    <subfield code="c">2012.</subfield>
  </datafield>
  <datafield tag="300" ind1=" " ind2=" ">
    <subfield code="a">xv, 362 p. :</subfield>
    <subfield code="b">ill.</subfield>
  </datafield>
  <datafield tag="504" ind1=" " ind2=" ">
    <subfield code="a">Includes bibliographical references and index.</subfield>
  </datafield>
  <datafield tag="505" ind1="0" ind2=" ">
    <subfield code="a">The hidden alternative? / Anthony Webster, Linda Shaw, David Stewart, John K. Walton and Alyson Brown -- Co-operativism meets city ethics : the 1997 Lanica take-over bid for CWS / John F. Wilson -- Values and vocation : educating the co-operative workforce, 1918-39 / Keith Vernon -- International perspectives on co-operative education / Linda Shaw -- Co-operative education in Britain during the nineteenth and early twentieth centuries : context, identity and learning / Tom Woodin -- Beyond a fair price / Samantha Lacey -- Negotiating consumer and producer interests : a challenge for the co-operative movement and fair trade / Katarina Friberg -- "A party within a party" : the co-operative party-labour party alliance and the formation of the social democratic party, 1974-81 / David Stewart -- The creation of new entities : stakeholders and shareholders in nineteenth-century Italian co-operatives / Patrizia Battilani -- Co-operatives and nation-building in post-apartheid South Africa : contradictions and challenges / Vishwas Satgar and Michelle Williams -- Community, individuality and co-operation : the centrality of values / Ian MacPherson -- An alternative co-operative tradition : the Basque co-operatives of Mondrag&#xFFFD;on / Fernando Molina and John K. Walton -- "A co-operative of intellectuals" : the encounter between co-operative values and urban planning : an Italian case study / Marzia Maccaferri -- Government to governance : the challenge of co-operative revival in India / L. K. Vaswani -- Minding the GAAP : co-operative responses to the global convergence of accounting standards and practice / John Maddocks, Elizabeth Hicks, Alan J. Robb and Tom Webb -- Resting on laurels : examining the resilience of co-operative values in times of calm and crisis / Jan Myers, John Maddocks and James Beecher -- Shared visions of co-operation at a time of crisis : the Gung Ho story in China's anti-Japanese resistance / Ian G. Cook and Jenny Clegg -- The hidden alternative : conclusion / Ed Mayo -- Index.</subfield>
  </datafield>
  <datafield tag="533" ind1=" " ind2=" ">
    <subfield code="a">Electronic reproduction.</subfield>
    <subfield code="b">Palo Alto, Calif. :</subfield>
    <subfield code="c">ebrary,</subfield>
    <subfield code="d">2013.</subfield>
    <subfield code="n">Available via World Wide Web.</subfield>
    <subfield code="n">Access may be limited to ebrary affiliated libraries.</subfield>
  </datafield>
  <datafield tag="650" ind1=" " ind2="0">
    <subfield code="a">Cooperative societies</subfield>
    <subfield code="v">Case studies.</subfield>
  </datafield>
  <datafield tag="650" ind1=" " ind2="0">
    <subfield code="a">Cooperation</subfield>
    <subfield code="v">Case studies.</subfield>
  </datafield>
  <datafield tag="655" ind1=" " ind2="7">
    <subfield code="a">Electronic books.</subfield>
    <subfield code="2">local</subfield>
  </datafield>
  <datafield tag="700" ind1="1" ind2=" ">
    <subfield code="a">Webster, Anthony.</subfield>
  </datafield>
  <datafield tag="710" ind1="2" ind2=" ">
    <subfield code="a">ebrary, Inc.</subfield>
  </datafield>
  <datafield tag="856" ind1="4" ind2="0">
    <subfield code="u">http://site.ebrary.com/lib/rucke/Doc?id=10752393</subfield>
    <subfield code="z">An electronic book accessible through the World Wide Web; click to view</subfield>
  </datafield>
  <datafield tag="999" ind1=" " ind2=" ">
    <subfield code="c">115961</subfield>
    <subfield code="d">115961</subfield>
  </datafield>
</record>
